Critical analysis of the possibilities of the handicapped people in the catering industry

Bibliográfiai részletek
Szerző: Káró Regina
További közreműködők: Hübner Andrea
Dokumentumtípus: Diplomadolgozat
Kulcsszavak:disabilities
accessibility
attitude
handicapped
possibility
Online Access:http://dolgozattar.uni-bge.hu/12989

MARC

LEADER 00000nta a2200000 i 4500
001 dolg12989
005 20180221095335.0
008 171128suuuu hu om 000 eng d
040 |a BGE Dolgozattár Repozitórium  |b hun 
041 |a en 
100 1 |a Káró Regina 
245 1 0 |a Critical analysis of the possibilities of the handicapped people in the catering industry  |c Káró Regina  |h [elektronikus dokumentum] 
246 1 1 |a Felmérő tanulmány a fogyatékkal élők lehetőségeiről a vendéglátásban 
246 1 1 |a Critical analysis of the possibilities of the handicapped people in the catering industry 
695 |a disabilities 
695 |a accessibility 
695 |a attitude 
695 |a handicapped 
695 |a possibility 
700 1 |a Hübner Andrea  |e ths 
856 4 0 |u http://dolgozattar.uni-bge.hu/12989/1/K%C3%A1r%C3%B3%20Regina-%20Dissertation.pdf  |z Dokumentum-elérés